MARC

LEADER 00000nam0a2200000 4500
001 326048
005 20231102003825.0
035 |a (RuTPU)RU\TPU\book\351664 
090 |a 326048 
100 |a 20161216d1950 km y0rusy50 ca 
101 0 |a rus 
102 |a RU 
105 |a a z 001zy 
200 1 |a Маркшейдерские работы при открытых разработках  |f М. Л. Рудаков 
210 |a Свердловск  |a Москва  |c Металлургиздат  |d 1950 
215 |a 344 с.  |c ил. 
320 |a Библиогр.: с. 328 
606 1 |a Геодезия в горном деле  |2 stltpush  |3 (RuTPU)RU\TPU\subj\6022  |9 33989 
610 1 |a маркшейдерские работы 
610 1 |a съемка 
610 1 |a съемочно-геодезические работы 
610 1 |a карьеры 
610 1 |a открытые горные разработки 
610 1 |a маркшейдерские планы 
610 1 |a учет 
610 1 |a запасы 
610 1 |a потери 
610 1 |a отчетность 
610 1 |a контроль 
610 1 |a охрана 
610 1 |a техника безопасности 
610 1 |a гидравлические разработки 
610 1 |a маркшейдерские службы 
675 |a 622.1:528  |v 4 
700 1 |a Рудаков  |b М. Л.  |g Михаил Лазаревич 
801 1 |a RU  |b 63413507  |c 20161216 
801 2 |a RU  |b 63413507  |c 20190120  |g RCR 
942 |c BK